[Event "Moscow Botvinnik Memorial-A"]
[Site "Moscow"]
[Date "2015.12.05"]
[Round "2"]
[White "German, Nikita"]
[Black "Golubev, Roman"]
[Result "0-1"]
[WhiteElo "2085"]
[BlackElo "2346"]
[PlyCount "100"]
[EventDate "2015.12.03"]
[EventType "tourn"]
[EventRounds "9"]
[EventCountry "RUS"]
[EventCategory "2"]
[SourceTitle "CBM 170 Extra"]
[Source "ChessBase"]
[SourceDate "2016.02.25"]
[SourceVersion "1"]
[SourceVersionDate "2016.02.25"]
[SourceQuality "1"]

1. e4 e5 2. Nf3 Nc6 3. d4 exd4 4. Nxd4 Nf6 5. Nxc6 bxc6 6. e5 Qe7 7. Qe2 Nd5 8. c4 Nb6 9. Nd2 a5 10. f4 Qe6 11. Qe4 d5 12. exd6 cxd6 13. Be2 Qxe4 14. Nxe4 d5 15. cxd5 cxd5 16. Nc3 Bc5 17. Bf3 0-0 18. Bd2 Re8+ 19. Kd1 Bf5 20. Rc1 Nc4 21. Na4 Ne3+ 22. Bxe3 Bxe3 23. Rc3 Bxf4 24. Nb6 Rad8 25. Re1 Re6 26. Nxd5 g5 27. g3 g4 28. Rxe6 fxe6 29. gxf4 gxf3 30. Rc8 Rxc8 31. Ne7+ Kg7 32. Nxc8 Kg6 33. Ke1 Kh5 34. Kf2 Kg4 35. Ke3 Be4 36. Nd6 Bd5 37. Nf7 Kh3 38. Kf2 Kxh2 39. b3 Kh3 40. Ne5 h6 41. a3 Bxb3 42. Kxf3 Bd5+ 43. Kf2 Kh4 44. Nf7 Kg4 45. Ke3 Kf5 46. Ne5 h5 47. Nd3 Kg4 48. Kd4 h4 49. Ke5 Kf3 50. f5 exf5 0-1

[Event "RUS-chT U18"]
[Site "St Petersburg"]
[Date "2015.08.06"]
[Round "6.46"]
[White "Stasenko, Alexey"]
[Black "German, Nikita"]
[Result "0-1"]
[WhiteElo "2092"]
[BlackElo "1987"]
[PlyCount "84"]
[EventDate "2015.08.01"]
[EventType "team-swiss"]
[EventRounds "9"]
[EventCountry "RUS"]
[SourceTitle "CBM 167 Extra"]
[Source "ChessBase"]
[SourceDate "2015.09.14"]
[SourceVersion "1"]
[SourceVersionDate "2015.09.14"]
[SourceQuality "1"]
[WhiteTeam "SPbRDOO Peter Rook II"]
[BlackTeam "Moscow Palace Youth III"]
[WhiteTeamCountry "RUS"]
[BlackTeamCountry "RUS"]

1. e4 c5 2. Nf3 e6 3. d3 Nc6 4. g3 g6 5. Bg2 Bg7 6. 0-0 d6 7. c3 e5 8. Bg5 Nge7 9. Qd2 0-0 10. Na3 f5 11. Bh6 f4 12. Bxg7 Kxg7 13. d4 cxd4 14. cxd4 Bg4 15. d5 Bxf3 16. Bxf3 Nd4 17. Be2 Rc8 18. f3 h5 19. Rac1 Rxc1 20. Rxc1 fxg3 21. Rc3 Qb6 22. Kh1 gxh2 23. Kxh2 Rf4 24. Rd3 Ng8 25. Rxd4 Qxd4 26. Qxd4 exd4 27. Kg3 g5 28. Nb5 h4+ 29. Kg2 h3+ 30. Kxh3 d3 31. Bd1 g4+ 32. Kg3 gxf3 33. Bxf3 Rf8 34. Nxd6 d2 35. Nf5+ Kf6 36. Kf2 Ne7 37. Ne3 Kg5 38. Ke2 Ng6 39. Bg2 Nf4+ 40. Kd1 Nxg2 41. Nxg2 Rf1+ 42. Kxd2 Rf2+ 0-1

[Event "RUS-chT U18"]
[Site "St Petersburg"]
[Date "2015.08.05"]
[Round "5.38"]
[White "Zakharikov, Ivan"]
[Black "German, Nikita"]
[Result "1/2-1/2"]
[WhiteElo "1971"]
[BlackElo "1987"]
[PlyCount "156"]
[EventDate "2015.08.01"]
[EventType "team-swiss"]
[EventRounds "9"]
[EventCountry "RUS"]
[SourceTitle "CBM 167 Extra"]
[Source "ChessBase"]
[SourceDate "2015.09.14"]
[SourceVersion "1"]
[SourceVersionDate "2015.09.14"]
[SourceQuality "1"]
[WhiteTeam "HQ Contemporary"]
[BlackTeam "Moscow Palace Youth III"]
[WhiteTeamCountry "RUS"]
[BlackTeamCountry "RUS"]

1. e4 c5 2. c3 d5 3. exd5 Qxd5 4. d4 Nc6 5. Nf3 Bg4 6. Be2 e6 7. h3 Bh5 8. 0-0 Nf6 9. Be3 cxd4 10. cxd4 Be7 11. Nc3 Qd7 12. Qb3 a6 13. a3 0-0 14. Rfd1 Rfd8 15. g4 Bg6 16. Ne5 Qc7 17. Nxg6 hxg6 18. Rac1 Rd7 19. d5 exd5 20. Nxd5 Nxd5 21. Rxd5 Rxd5 22. Qxd5 Rd8 23. Qb3 Qe5 24. Qxb7 Nd4 25. Bxd4 Rxd4 26. Rc8+ Kh7 27. Qa8 Rd8 28. Rxd8 Bxd8 29. Qxd8 Qxe2 30. Qd4 Qc2 31. Qc3 Qd1+ 32. Kg2 Qd5+ 33. Qf3 Qc4 34. b4 Qa2 35. Qd3 Qe6 36. Qe3 Qd5+ 37. Kg3 Qd6+ 38. Kf3 Qd5+ 39. Ke2 Qa2+ 40. Kf1 Qb1+ 41. Kg2 Qa2 42. Qd3 Qe6 43. b5 axb5 44. Qxb5 Qe4+ 45. Kg3 Qe1 46. Qd3 Qg1+ 47. Kf3 Qh1+ 48. Ke2 Qa1 49. Qf3 Qc1 50. Qe3 Qc6 51. Kd2 Qd5+ 52. Qd3 Qc5 53. Ke2 Qc6 54. Qe3 Qd5 55. Qf3 Qc4+ 56. Qd3 Qc6 57. Qe3 Qd5 58. Qe7 Qc6 59. Qe3 Qd5 60. Qd3 Qc6 61. Ke3 Qc1+ 62. Kf3 Qh1+ 63. Ke2 Qc6 64. Qe3 Qd5 65. f4 Qg2+ 66. Ke1 Qh1+ 67. Kd2 Qg2+ 68. Kc3 Qc6+ 69. Kb4 Qb7+ 70. Ka5 Qd5+ 71. Kb6 Qd8+ 72. Kc6 Qc8+ 73. Kd5 Qb7+ 74. Kd6 Qb8+ 75. Kd7 Qb7+ 76. Ke8 Kg8 77. Qe7 Qc8+ 78. Qd8 Qe6+ 1/2-1/2

[Event "RUS-chT U18"]
[Site "St Petersburg"]
[Date "2015.08.02"]
[Round "2.46"]
[White "Yeritsyan, Aram"]
[Black "German, Nikita"]
[Result "1/2-1/2"]
[WhiteElo "2117"]
[BlackElo "1987"]
[PlyCount "125"]
[EventDate "2015.08.01"]
[EventType "team-swiss"]
[EventRounds "9"]
[EventCountry "RUS"]
[SourceTitle "CBM 167 Extra"]
[Source "ChessBase"]
[SourceDate "2015.09.14"]
[SourceVersion "1"]
[SourceVersionDate "2015.09.14"]
[SourceQuality "1"]
[WhiteTeam "Moscow Palace Youth II"]
[BlackTeam "Moscow Palace Youth III"]
[WhiteTeamCountry "RUS"]
[BlackTeamCountry "RUS"]

1. e4 c5 2. Nf3 e6 3. d4 cxd4 4. Nxd4 a6 5. Bd3 Qc7 6. 0-0 Nf6 7. Qe2 Bd6 8. h3 Nc6 9. Be3 Be5 10. c3 d5 11. Nd2 dxe4 12. Nxe4 Nd5 13. Nxc6 Qxc6 14. Bd2 Nf4 15. Bxf4 Bxf4 16. Qf3 e5 17. Rad1 0-0 18. Nd2 Qh6 19. Nc4 Rb8 20. Nd6 Bd7 21. Be4 b5 22. Bd5 Be6 23. Bxe6 Qxe6 24. Qd5 Qg6 25. Ne4 Kh8 26. Nc5 Rbc8 27. Nd7 Rfe8 28. Rfe1 e4 29. Nc5 f5 30. Nb3 e3 31. fxe3 Bxe3+ 32. Kh1 h6 33. Nd4 f4 34. Nf3 Kh7 35. Qd3 Re6 36. Qxg6+ Kxg6 37. Nd4 Ree8 38. Nc2 Bf2 39. Rxe8 Rxe8 40. Nd4 Rd8 41. Rd2 Be3 42. Re2 Kf6 43. Nf3 Kf5 44. Rc2 Rd1+ 45. Kh2 g5 46. b3 Ke4 47. c4 Kd3 48. Rb2 Kc3 49. Re2 bxc4 50. bxc4 h5 51. g3 fxg3+ 52. Kxg3 Bf4+ 53. Kg2 Kxc4 54. Re4+ Kd3 55. Ra4 Rb1 56. Ra3+ Ke4 57. Ra4+ Kd5 58. Ra5+ Rb5 59. Rxa6 Rb2+ 60. Kf1 Ke4 61. Ng1 Be3 62. Ra4+ Kf5 63. Ne2 1/2-1/2